[Event "British Columbia ch"]
[Site "Vancouver CAN"]
[Date "1998.04.12"]
[Round "6"]
[White "Afrah, Navid"]
[Black "Basanta, Gary"]
[Result "0-1"]
[WhiteElo "2230"]
[BlackElo "2340"]
[PlyCount "88"]
[GameId "2160767911873601"]
[EventDate "1998.04.09"]
[EventType "tourn"]
[EventRounds "7"]
[EventCountry "CAN"]
[SourceTitle "EXT 2002"]
[Source "ChessBase"]
[SourceDate "2001.11.25"]
[SourceVersion "1"]
[SourceVersionDate "2001.11.25"]
[SourceQuality "1"]

1. e4 c5 2. Nf3 d6 3. d4 cxd4 4. Nxd4 Nf6 5. Nc3 e5 6. Nb3 Be6 7. f4 exf4 8. Bxf4 Be7 9. Nd4 Nc6 10. Nxe6 fxe6 11. Bc4 Qd7 12. Nb5 e5 13. Bg5 Na5 14. Bxf6 Nxc4 15. Qh5+ g6 16. Qe2 Qxb5 17. Bxh8 Qc5 18. Bg7 Bg5 19. Rd1 Kf7 20. Qf2+ Qxf2+ 21. Kxf2 Kxg7 22. b3 Rf8+ 23. Ke2 Ne3 24. Rxd6 Rf7 25. h4 Bh6 26. g3 Nxc2 27. Rf1 Nd4+ 28. Ke1 Bd2+ 29. Kxd2 Rxf1 30. Kd3 Nc6 31. Kc3 Kf8 32. Rd7 Rf7 33. Rd3 Ke7 34. b4 Ke6 35. b5 Nd4 36. Kb4 Rc7 37. a4 b6 38. Rd1 Rc2 39. a5 Rg2 40. axb6 axb6 41. Rd3 Re2 42. h5 Rb2+ 43. Ka3 Rxb5 44. hxg6 hxg6 0-1

[Event "British Columbia ch"]
[Site "Vancouver CAN"]
[Date "1998.04.12"]
[Round "6"]
[White "Ferguson, Jim"]
[Black "Kostadinov, George"]
[Result "1-0"]
[WhiteElo "2235"]
[BlackElo "2245"]
[PlyCount "93"]
[GameId "2160767911873602"]
[EventDate "1998.04.09"]
[EventType "tourn"]
[EventRounds "7"]
[EventCountry "CAN"]

1. e4 c5 2. Nc3 Nc6 3. f4 e6 4. Bb5 d5 5. Bxc6+ bxc6 6. Nf3 Ba6 7. d3 Nf6 8. e5 Nd7 9. O-O g6 10. Qe1 Be7 11. Kh1 h5 12. b3 Qc7 13. Bd2 Nb6 14. Ne2 Rb8 15. c4 Qd7 16. Nc3 Nc8 17. Ng5 h4 18. Rf3 Bf8 19. Na4 Nb6 20. Nc3 Nc8 21. Rh3 Ne7 22. Rxh4 Rxh4 23. Qxh4 Nf5 24. Qh8 Qe7 25. Nh7 Kd7 26. g4 Nh6 27. Nf6+ Kc7 28. f5 Kb7 29. Bxh6 exf5 30. Re1 fxg4 31. Bxf8 Rxf8 32. Qh4 Rd8 33. Qxg4 Ka8 34. cxd5 cxd5 35. Ncxd5 Bb7 36. Qe4 Rxd5 37. Nxd5 Qd7 38. Kg1 Bxd5 39. Qh4 Bf3 40. Kf2 Bc6 41. Re3 Qf5+ 42. Ke2 g5 43. Qh8+ Kb7 44. Qf6 Qg4+ 45. Kd2 Qd4 46. Qxf7+ Kb6 47. Qc4 1-0

[Event "British Columbia ch"]
[Site "Vancouver CAN"]
[Date "1998.04.12"]
[Round "6"]
[White "Hallam, John"]
[Black "Taylor, Nicholas"]
[Result "1-0"]
[WhiteElo "2276"]
[BlackElo "1838"]
[PlyCount "51"]
[GameId "2160767911873603"]
[EventDate "1998.04.09"]
[EventType "tourn"]
[EventRounds "7"]
[EventCountry "CAN"]

1. d4 f5 2. g3 e6 3. Bg2 Nf6 4. Nf3 Be7 5. O-O O-O 6. b3 Ne4 7. Bb2 Bf6 8. Nbd2 Nc6 9. e3 Nxd2 10. Qxd2 d6 11. Rad1 Qe7 12. Rfe1 Kh8 13. e4 fxe4 14. Rxe4 Bd7 15. c4 Qf7 16. d5 Bxb2 17. Qxb2 exd5 18. cxd5 Nb8 19. Rde1 Qxd5 20. Re7 Qg8 21. Ng5 c6 22. Be4 Bf5 23. Bxf5 Rxf5 24. Ne6 Rf7 25. Rxf7 Qxf7 26. Nc7 1-0

[Event "British Columbia ch"]
[Site "Vancouver CAN"]
[Date "1998.04.12"]
[Round "6"]
[White "Milicevic, Dragoljub"]
[Black "Poitras, Luc"]
[Result "1-0"]
[WhiteElo "2200"]
[BlackElo "2095"]
[PlyCount "89"]
[GameId "2160767911873604"]
[EventDate "1998.04.09"]
[EventType "tourn"]
[EventRounds "7"]
[EventCountry "CAN"]
[SourceTitle "EXT 2002"]
[Source "ChessBase"]
[SourceDate "2001.11.25"]
[SourceVersion "1"]
[SourceVersionDate "2001.11.25"]
[SourceQuality "1"]

1. Nf3 Nf6 2. g3 e6 3. Bg2 d5 4. O-O Bd6 5. d4 O-O 6. b3 c6 7. Bb2 b6 8. Nbd2 Nbd7 9. c4 Ba6 10. Qc2 Rc8 11. e4 dxe4 12. Nxe4 Nxe4 13. Qxe4 Qe7 14. Rfe1 Ba3 15. Bxa3 Qxa3 16. Ng5 Nf6 17. Qh4 h6 18. Ne4 Nxe4 19. Bxe4 Rfe8 20. Bc2 Qe7 21. Qe4 Qf6 22. Rad1 g6 23. h4 h5 24. Re3 Qf5 25. Qxf5 exf5 26. Rde1 Kf8 27. Bd1 Rxe3 28. fxe3 Rc7 29. Bf3 Bc8 30. Kf2 Bd7 31. b4 Be6 32. Rc1 Ke7 33. Ke2 Kd8 34. Kd3 Ke7 35. a4 Bd7 36. c5 bxc5 37. Rxc5 Kd6 38. d5 cxd5 39. Rxc7 Kxc7 40. Bxd5 Bxa4 41. Bxf7 Bd1 42. Bxg6 Bg4 43. e4 fxe4+ 44. Kxe4 Kb6 45. Be8 1-0

[Event "British Columbia ch"]
[Site "Vancouver CAN"]
[Date "1998.04.12"]
[Round "7"]
[White "Basanta, Gary"]
[Black "Ferguson, Jim"]
[Result "1-0"]
[WhiteElo "2340"]
[BlackElo "2235"]
[PlyCount "87"]
[GameId "2160767911873605"]
[EventDate "1998.04.09"]
[EventType "tourn"]
[EventRounds "7"]
[EventCountry "CAN"]
[SourceTitle "EXT 2002"]
[Source "ChessBase"]
[SourceDate "2001.11.25"]
[SourceVersion "1"]
[SourceVersionDate "2001.11.25"]
[SourceQuality "1"]

1. e4 e6 2. d4 d5 3. exd5 exd5 4. Bd3 Bd6 5. Nf3 Ne7 6. O-O Bg4 7. b3 c6 8. Nbd2 Nd7 9. c4 O-O 10. Bxh7+ Kxh7 11. Ng5+ Kg8 12. Qxg4 Nf6 13. Qh3 Bb4 14. c5 Ng6 15. Ndf3 Re8 16. Be3 Ba5 17. Nh4 Nf8 18. Nf5 Bc7 19. Rae1 Ne4 20. Qg4 Ng6 21. Bc1 Nf6 22. Qf3 Qd7 23. a3 Rad8 24. h4 Ne7 25. Nxe7+ Rxe7 26. Rxe7 Qxe7 27. g3 Re8 28. Be3 Ne4 29. Re1 Nxg5 30. hxg5 Qe4 31. Qxe4 dxe4 32. Kf1 Kh7 33. Ke2 Bd8 34. Rd1 Kg6 35. d5 Bxg5 36. dxc6 bxc6 37. Rd6+ Re6 38. Bxg5 Kxg5 39. Rd7 Re5 40. b4 a5 41. Rxf7 axb4 42. axb4 g6 43. Ke3 Re8 44. Rf4 1-0

[Event "British Columbia ch"]
[Site "Vancouver CAN"]
[Date "1998.04.12"]
[Round "7"]
[White "Kostadinov, George"]
[Black "Milicevic, Dragoljub"]
[Result "1-0"]
[WhiteElo "2245"]
[BlackElo "2200"]
[PlyCount "95"]
[GameId "2160767911873606"]
[EventDate "1998.04.09"]
[EventType "tourn"]
[EventRounds "7"]
[EventCountry "CAN"]

1. d4 f5 2. c4 g6 3. Nc3 Nf6 4. g3 Bg7 5. Bg2 O-O 6. Nf3 d6 7. O-O Qe8 8. Re1 Nh5 9. e4 f4 10. Nd5 fxg3 11. fxg3 Na6 12. Bg5 e5 13. dxe5 dxe5 14. Be7 Rxf3 15. Qxf3 Be6 16. Ba3 c6 17. Ne3 Qd8 18. b3 Qa5 19. Bb2 Qb6 20. Kh1 Nc5 21. Ba3 Nd3 22. Red1 Nb4 23. Qe2 a5 24. Nc2 Nf6 25. h3 Nh5 26. Kh2 Rf8 27. Rf1 Rxf1 28. Bxf1 Nxa2 29. Rxa2 Nxg3 30. Kxg3 Bh6 31. b4 Bf4+ 32. Kg2 g5 33. c5 Qd8 34. Ra1 g4 35. Rd1 Qh4 36. Kh1 gxh3 37. Ne3 Qg3 38. Nf5 Bxf5 39. exf5 e4 40. Rd8+ Kg7 41. Rd7+ Kh6 42. Bb2 Be3 43. Qh2 Qf3+ 44. Bg2 Qxg2+ 45. Qxg2 hxg2+ 46. Kxg2 axb4 47. Bf6 Bxc5 48. Kh3 1-0

[Event "British Columbia ch"]
[Site "Vancouver CAN"]
[Date "1998.04.12"]
[Round "7"]
[White "Poitras, Luc"]
[Black "Hallam, John"]
[Result "1-0"]
[WhiteElo "2095"]
[BlackElo "2276"]
[PlyCount "100"]
[GameId "2160767911873607"]
[EventDate "1998.04.09"]
[EventType "tourn"]
[EventRounds "7"]
[EventCountry "CAN"]

1. e4 c5 2. Nf3 d6 3. d4 cxd4 4. Nxd4 Nf6 5. Nc3 g6 6. Be2 Bg7 7. Be3 O-O 8. O-O Nc6 9. Nb3 a5 10. a4 Be6 11. Nd4 Bd7 12. Ndb5 Nb4 13. f3 Bc6 14. Nd4 d5 15. e5 Ne8 16. f4 Nc7 17. Ncb5 Bd7 18. c3 Nba6 19. Nb3 Nb8 20. Bb6 Bxb5 21. Bxb5 Nd7 22. Bxa5 b6 23. Bb4 Nxb5 24. axb5 Rxa1 25. Qxa1 Re8 26. Nd4 Nc5 27. Nc6 Qd7 28. Qa3 Nd3 29. Bxe7 Qg4 30. Qa4 Bh6 31. Qd1 Qxd1 32. Rxd1 Nxb2 33. Rd4 Ra8 34. g3 Bf8 35. Bxf8 Kxf8 36. Rxd5 Ra1+ 37. Kg2 Rc1 38. Rd8+ Kg7 39. Rd7 Rc2+ 40. Kh3 Kf8 41. Rd8+ Kg7 42. Ne7 Rxc3 43. Rg8+ Kh6 44. Kh4 Rc4 45. Nd5 Nd3 46. g4 Rxf4 47. Nxf4 g5+ 48. Rxg5 Nxf4 49. Rf5 Ng6+ 50. Kg3 Kg7 1-0

[Event "British Columbia ch"]
[Site "Vancouver CAN"]
[Date "1998.04.12"]
[Round "7"]
[White "Taylor, Nicholas"]
[Black "Afrah, Navid"]
[Result "0-1"]
[WhiteElo "1838"]
[BlackElo "2230"]
[PlyCount "55"]
[GameId "2160767911873608"]
[EventDate "1998.04.09"]
[EventType "tourn"]
[EventRounds "7"]
[EventCountry "CAN"]

1. e4 c5 2. Nf3 Nc6 3. d4 cxd4 4. Nxd4 Nf6 5. Nc3 e5 6. Ndb5 d6 7. Bg5 a6 8. Na3 b5 9. Nd5 Be7 10. Bxf6 Bxf6 11. c4 b4 12. Nc2 Rb8 13. b3 Bg5 14. Bd3 O-O 15. h4 Bh6 16. Qh5 Be6 17. Nce3 Bf4 18. g3 g6 19. Qf3 Nd4 20. Qg2 Bh6 21. g4 Bf4 22. g5 Kg7 23. Nf6 h6 24. Kf1 Rh8 25. Ned5 hxg5 26. hxg5 Rxh1+ 27. Qxh1 Qh8 28. Qg2 0-1

[Event "CAN-Tch"]
[Site "CAN"]
[Date "1998.??.??"]
[Round "?"]
[White "Mikanovic, Goran"]
[Black "Goldenberg, Danny"]
[Result "0-1"]
[WhiteElo "2305"]
[BlackElo "2320"]
[PlyCount "113"]
[GameId "2160767911874153"]
[EventDate "1998.??.??"]
[EventRounds "5"]
[EventCountry "CAN"]
[SourceTitle "EXT 2002"]
[Source "ChessBase"]
[SourceDate "2001.11.25"]
[SourceVersion "1"]
[SourceVersionDate "2001.11.25"]
[SourceQuality "1"]

1. d4 c5 2. d5 Nf6 3. Nf3 e6 4. c4 exd5 5. cxd5 d6 6. Nc3 g6 7. h3 Bg7 8. e4 a6 9. a4 Nbd7 10. Bd3 O-O 11. O-O Ne5 12. Nxe5 dxe5 13. a5 Bd7 14. Bg5 h6 15. Be3 Rc8 16. Qd2 Kh7 17. Rfc1 c4 18. Be2 Ne8 19. Na4 Nd6 20. Nb6 Rc7 21. f3 Bb5 22. Qb4 c3 23. Bxb5 cxb2 24. Qxb2 Rxc1+ 25. Rxc1 Nxb5 26. Rd1 f5 27. d6 fxe4 28. fxe4 Qh4 29. d7 Nd4 30. Rf1 Rxf1+ 31. Kxf1 Nc6 32. Qc2 Qd8 33. Qf2 Nxa5 34. Qf7 Qf6+ 35. Qxf6 Bxf6 36. Nd5 Bd8 37. Ke2 Kg7 38. Kd3 h5 39. Bb6 Nc6 40. Bxd8 Nxd8 41. Kc4 Kf7 42. Kc5 Ke6 43. Nb6 Nc6 44. h4 Ke7 45. Kd5 Nb8 46. Nc8+ Kxd7 47. Nd6 b5 48. Nb7 Kc7 49. Nc5 Kb6 50. Ne6 Nc6 51. Nf8 a5 52. Nd7+ Kc7 53. Nc5 a4 54. Na6+ Kb6 55. Nc5 a3 56. Nb3 b4 57. Kc4 0-1

[Event "CAN-ch U16"]
[Site "Saskatoon CAN"]
[Date "1998.03.23"]
[Round "1"]
[White "Berscheid, Brian"]
[Black "Remoroza, Alvin"]
[Result "0-1"]
[WhiteElo "1650"]
[BlackElo "1960"]
[PlyCount "132"]
[GameId "2160767911873690"]
[EventDate "1998.03.23"]
[EventType "tourn"]
[EventRounds "9"]
[EventCountry "CAN"]

1. e4 c5 2. Nf3 Nc6 3. d4 cxd4 4. Nxd4 g6 5. Nc3 Bg7 6. Be3 Nf6 7. Bc4 O-O 8. Bb3 Qa5 9. O-O d6 10. f3 Bd7 11. Re1 Rac8 12. Bf2 Nh5 13. Nxc6 Bxc6 14. Bd4 Rfd8 15. Bxg7 Kxg7 16. Qe2 Qg5 17. Qe3 Qxe3+ 18. Rxe3 e5 19. g3 Rd7 20. Rd1 Nf6 21. Red3 Rcd8 22. Nd5 b6 23. Nxf6 Kxf6 24. Bd5 Bxd5 25. Rxd5 Ke6 26. Kg2 Rc7 27. c3 Rc5 28. Kf2 f5 29. exf5+ gxf5 30. Rxc5 bxc5 31. c4 Rb8 32. b3 h5 33. h3 a5 34. Rd3 Rh8 35. Rd1 Rd8 36. g4 hxg4 37. hxg4 f4 38. Rg1 Rg8 39. Ke2 Rh8 40. g5 Kf5 41. Kd3 Rg8 42. g6 Rxg6 43. Rxg6 Kxg6 44. Ke4 Kf6 45. Kd5 Kf5 46. a3 e4 47. fxe4+ Kg4 48. Kxd6 f3 49. e5 f2 50. e6 f1=Q 51. e7 Qf6+ 52. Kd7 Qd4+ 53. Ke6 Qe4+ 54. Kd7 Qf5+ 55. Kd8 Qf6 56. Kd7 Qd4+ 57. Ke6 Qe4+ 58. Kd7 Qb7+ 59. Ke6 Qc6+ 60. Kf7 Qd7 61. Kf8 Qf5+ 62. Kg8 Qe6+ 63. Kf8 Qf6+ 64. Ke8 Kf5 65. Kd7 Qe6+ 66. Kd8 Qd6+ 0-1

[Event "CAN-ch U16"]
[Site "Saskatoon CAN"]
[Date "1998.03.23"]
[Round "1"]
[White "Gottlieb, Jonathan"]
[Black "Nathani, Kaleim"]
[Result "1/2-1/2"]
[WhiteElo "2050"]
[BlackElo "1770"]
[PlyCount "90"]
[GameId "2160767911873693"]
[EventDate "1998.03.23"]
[EventType "tourn"]
[EventRounds "9"]
[EventCountry "CAN"]

1. e4 c5 2. Nf3 d6 3. d4 cxd4 4. Nxd4 Nf6 5. Nc3 g6 6. Be3 Bg7 7. f3 O-O 8. Qd2 Nc6 9. Bc4 Bd7 10. O-O-O Rc8 11. Bb3 Ne5 12. Kb1 Nc4 13. Bxc4 Rxc4 14. g4 Qa5 15. g5 Nh5 16. Nd5 Qd8 17. Ne2 Be6 18. Ng3 Bxd5 19. exd5 Qc7 20. Nxh5 gxh5 21. Qf2 Rb4 22. Bd4 Bxd4 23. Rxd4 Qb6 24. c3 Rxd4 25. cxd4 Qb5 26. Re1 Re8 27. Re4 Qd3+ 28. Qc2 Qf1+ 29. Qc1 Qxf3 30. Qe3 Qf1+ 31. Qe1 Qxe1+ 32. Rxe1 e6 33. Kc2 Kf8 34. Re3 exd5 35. Rh3 Re2+ 36. Kc3 Kg7 37. Rxh5 Re6 38. h4 Kg6 39. Rh6+ Kg7 40. Rh5 Re3+ 41. Kd2 Re4 42. Kd3 Re6 43. Kd2 b5 44. Kd3 a5 45. Kd2 b4 1/2-1/2

[Event "CAN-ch U16"]
[Site "Saskatoon CAN"]
[Date "1998.03.23"]
[Round "1"]
[White "Hua, Lefong"]
[Black "Reddy, Tyler"]
[Result "1-0"]
[WhiteElo "2325"]
[BlackElo "1935"]
[PlyCount "89"]
[GameId "2160767911873694"]
[EventDate "1998.03.23"]
[EventType "tourn"]
[EventRounds "9"]
[EventCountry "CAN"]

1. d4 d5 2. c4 e6 3. Nc3 Nf6 4. cxd5 exd5 5. Bg5 Nbd7 6. e3 Be7 7. Bd3 O-O 8. Qc2 c6 9. O-O-O Re8 10. Nf3 Nf8 11. h3 a5 12. Ne5 Ne4 13. Bxe7 Qxe7 14. Bxe4 dxe4 15. Nc4 Be6 16. Nb6 Ra6 17. Nba4 Bd5 18. Kb1 Nd7 19. Nxd5 cxd5 20. Qb3 Nf6 21. Nc5 Ra7 22. Qb6 Rea8 23. Rc1 Ne8 24. Na4 Qd7 25. Qb3 Rd8 26. Rc5 Nc7 27. Nb6 Qd6 28. Rhc1 Ra6 29. Nxd5 Ne6 30. Rb5 a4 31. Qb4 Qxb4 32. Nxb4 Ra7 33. Re5 a3 34. b3 h6 35. d5 Ng5 36. Rc7 Rf8 37. h4 Nh7 38. Rxe4 Rd8 39. Nc6 bxc6 40. Rxa7 cxd5 41. Ree7 Nf6 42. Rxf7 Rc8 43. Rxg7+ Kh8 44. Rgf7 Rg8 45. g3 1-0

[Event "CAN-ch U16"]
[Site "Saskatoon CAN"]
[Date "1998.03.23"]
[Round "2"]
[White "Gottlieb, Jonathan"]
[Black "Hua, Lefong"]
[Result "1-0"]
[WhiteElo "2035"]
[BlackElo "2325"]
[PlyCount "160"]
[GameId "2160767911873696"]
[EventDate "1998.03.23"]
[EventType "tourn"]
[EventRounds "9"]
[EventCountry "CAN"]

1. e4 c5 2. Nf3 e6 3. d4 cxd4 4. Nxd4 a6 5. Nc3 Qc7 6. Be3 Nf6 7. f3 Bb4 8. Qd2 d5 9. O-O-O O-O 10. e5 Nfd7 11. f4 Nc6 12. Bd3 Nc5 13. a3 Nxd3+ 14. Qxd3 Be7 15. h4 Na5 16. Nf3 Nc4 17. Ng5 g6 18. Bd4 f5 19. Qg3 Bxg5 20. Qxg5 Bd7 21. h5 Be8 22. hxg6 Bxg6 23. Rh6 Qf7 24. Rdh1 Qg7 25. Ne2 Rac8 26. Ng3 Rc7 27. Nh5 Bxh5 28. R1xh5 Qxg5 29. Rxg5+ Rg7 30. Rxg7+ Kxg7 31. Rxe6 Kf7 32. Rf6+ Kg7 33. Rxf8 Kxf8 34. b3 Na5 35. Kd2 Kf7 36. Kd3 Nc6 37. Bc5 b5 38. a4 Ke6 39. axb5 axb5 40. c3 Na5 41. Bb6 Nc6 42. Ke3 Kf7 43. Kf3 Ne7 44. Bc5 Nc6 45. g4 Ke6 46. Kg3 Na5 47. b4 Nc6 48. Kh4 Nd8 49. Kg5 Nf7+ 50. Kh5 fxg4 51. Kxg4 Nh6+ 52. Kg5 Nf5 53. Bf2 Ne7 54. Kh6 Kf5 55. Kxh7 Ng6 56. Be3 Nh4 57. Kg7 Ke6 58. Bf2 Ng2 59. Bg3 Ne3 60. Kg6 Nf5 61. Bf2 Ne7+ 62. Kg5 Nf5 63. Kg4 Ne7 64. Be1 Nf5 65. Bh4 Ne3+ 66. Kf3 Nf5 67. Bf6 Nh6 68. Kg3 Nf5+ 69. Kg4 Ne3+ 70. Kg5 Nf5 71. Kg6 Ng3 72. Bh4 Nf5 73. Bf2 Ne7+ 74. Kg7 Nf5+ 75. Kf8 Ne7 76. Ke8 Ng6 77. Bg3 Ne7 78. Kd8 d4 79. cxd4 Nc6+ 80. Kc7 Nxb4 1-0

[Event "CAN-ch U16"]
[Site "Saskatoon CAN"]
[Date "1998.03.23"]
[Round "2"]
[White "Nathani, Kaleim"]
[Black "Henson, Joshua"]
[Result "1-0"]
[WhiteElo "1785"]
[BlackElo "2035"]
[PlyCount "87"]
[GameId "2160767911873697"]
[EventDate "1998.03.23"]
[EventType "tourn"]
[EventRounds "9"]
[EventCountry "CAN"]

1. d4 e6 2. e4 d5 3. Nd2 Nf6 4. e5 Nfd7 5. Ndf3 c5 6. c3 Nc6 7. Bd3 cxd4 8. cxd4 f6 9. exf6 Nxf6 10. Ne2 Bd6 11. O-O Qc7 12. Bg5 O-O 13. Rc1 Ng4 14. Ng3 h6 15. Bd2 Nf6 16. Re1 g5 17. Ne5 Bxe5 18. dxe5 Nh7 19. Nh5 Qf7 20. Bxh7+ Kxh7 21. Nf6+ Kh8 22. Bc3 Bd7 23. Re3 Be8 24. Rh3 Kg7 25. Rh5 Qe7 26. Rh3 Bg6 27. Bd4 Rfd8 28. Bc5 Qf7 29. Rf3 Bf5 30. Bd6 Rxd6 31. exd6 Qxf6 32. Qb3 Qf7 33. Qc3+ d4 34. Qd2 Qd7 35. Rxc6 Qxc6 36. Qxd4+ Kh7 37. Rc3 Qe4 38. Rc7+ Kg6 39. Qg7+ Kh5 40. h3 Qe1+ 41. Kh2 Qxf2 42. Qf7+ Kh4 43. Rc4+ g4 44. Rxg4+ 1-0

[Event "CAN-ch U16"]
[Site "Saskatoon CAN"]
[Date "1998.03.23"]
[Round "2"]
[White "Reddy, Tyler"]
[Black "Berscheid, Brian"]
[Result "1-0"]
[WhiteElo "1935"]
[BlackElo "1650"]
[PlyCount "81"]
[GameId "2160767911873698"]
[EventDate "1998.03.23"]
[EventType "tourn"]
[EventRounds "9"]
[EventCountry "CAN"]

1. c4 e6 2. g3 d5 3. b3 Nf6 4. Nf3 Nc6 5. Bb2 Bd6 6. Bg2 O-O 7. O-O Qe7 8. d4 dxc4 9. bxc4 Rd8 10. Qb3 Qd7 11. Rd1 Qe8 12. Nc3 b6 13. Ne5 Bb7 14. Qa4 Na5 15. Qxe8+ Rxe8 16. Bxb7 Nxb7 17. Nc6 Nd8 18. Nxd8 Raxd8 19. a4 Bb4 20. Nb5 c6 21. Nxa7 Rd6 22. c5 bxc5 23. dxc5 Rxd1+ 24. Rxd1 Bxc5 25. Nxc6 Nd5 26. Bd4 Bxd4 27. Rxd4 Nc3 28. Kf1 h6 29. Ke1 Kh7 30. a5 Ra8 31. Kd2 Nb5 32. Rd7 Kg6 33. Kd3 Ra6 34. Kc4 Na3+ 35. Kc5 Kf6 36. Ra7 Rxa7 37. Nxa7 Ke7 38. Nb5 Nxb5 39. Kxb5 Kd7 40. Kb6 Kc8 41. Kc6 1-0

[Event "CAN-ch U16"]
[Site "Saskatoon CAN"]
[Date "1998.03.24"]
[Round "3"]
[White "Berscheid, Brian"]
[Black "Gottlieb, Jonathan"]
[Result "0-1"]
[WhiteElo "1650"]
[BlackElo "2050"]
[PlyCount "103"]
[GameId "2160767911873700"]
[EventDate "1998.03.23"]
[EventType "tourn"]
[EventRounds "9"]
[EventCountry "CAN"]

1. e4 c5 2. Nf3 d6 3. d4 cxd4 4. Nxd4 Nf6 5. Nc3 a6 6. Be3 e6 7. g4 Be7 8. g5 Nfd7 9. h4 Nc6 10. Be2 Nb6 11. Nxc6 bxc6 12. Qd4 Nd7 13. Qxg7 Rf8 14. Qxh7 Rb8 15. b3 d5 16. Rd1 Bb4 17. Bd2 Nc5 18. g6 Kd7 19. gxf7 Qf6 20. e5 Qxe5 21. Na4 Bxd2+ 22. Rxd2 Nxa4 23. bxa4 Rb1+ 24. Rd1 Rxd1+ 25. Kxd1 Qa1+ 26. Kd2 Qxh1 27. Qg7 Ke7 28. Qg5+ Kd6 29. Qg7 Rxf7 30. Qxf7 Qxh4 31. Qf8+ Kc7 32. Qg7+ Kd6 33. Qf8+ Kd7 34. Qf7+ Qe7 35. Qf4 a5 36. c3 Qa3 37. Qf7+ Kd8 38. Qg8+ Kc7 39. Qh7+ Bd7 40. Qc2 c5 41. Bd1 c4 42. f4 Qd6 43. Ke3 e5 44. fxe5 Qxe5+ 45. Kd2 Bf5 46. Qb2 Qf4+ 47. Ke1 Qg3+ 48. Kd2 Qd3+ 49. Kc1 d4 50. Qh2+ Kd7 51. Qc2 dxc3 52. Kb1 0-1

[Event "CAN-ch U16"]
[Site "Saskatoon CAN"]
[Date "1998.03.24"]
[Round "3"]
[White "Henson, Joshua"]
[Black "Golts, Roman"]
[Result "1-0"]
[WhiteElo "2035"]
[BlackElo "2200"]
[PlyCount "81"]
[GameId "2160767911873703"]
[EventDate "1998.03.23"]
[EventType "tourn"]
[EventRounds "9"]
[EventCountry "CAN"]

1. e4 e6 2. d4 d5 3. Nd2 c5 4. Ngf3 Nc6 5. Bb5 a6 6. Bxc6+ bxc6 7. O-O Nf6 8. Re1 Be7 9. c3 O-O 10. exd5 cxd5 11. Nb3 Nd7 12. Bf4 Bb7 13. Ne5 cxd4 14. cxd4 Rc8 15. Rc1 Rxc1 16. Qxc1 Nxe5 17. Bxe5 Qb6 18. Qe3 Rc8 19. Rc1 Rxc1+ 20. Qxc1 Qc6 21. Qd2 Qc8 22. h3 Bc6 23. Qc3 Bd7 24. Qg3 f6 25. Bd6 Qf8 26. Bxe7 Qxe7 27. Nc5 e5 28. Nxd7 Qxd7 29. dxe5 f5 30. Qd3 Qe6 31. Qd4 Qc6 32. f4 Kf7 33. h4 Kg6 34. Kh2 h6 35. Qd3 Qa4 36. h5+ Kf7 37. Qxd5+ Ke7 38. Qd6+ Kf7 39. Qg6+ Kg8 40. Qe6+ Kh8 41. Qc8+ 1-0

[Event "CAN-ch U16"]
[Site "Saskatoon CAN"]
[Date "1998.03.24"]
[Round "3"]
[White "Hua, Lefong"]
[Black "Nathani, Kaleim"]
[Result "1-0"]
[WhiteElo "2325"]
[BlackElo "1785"]
[PlyCount "61"]
[GameId "2160767911873704"]
[EventDate "1998.03.23"]
[EventType "tourn"]
[EventRounds "9"]
[EventCountry "CAN"]

1. d4 Nf6 2. c4 c5 3. d5 b5 4. cxb5 a6 5. b6 g6 6. Nc3 d6 7. a4 Qxb6 8. a5 Qc7 9. e4 Bg7 10. Bc4 O-O 11. Qd3 Nbd7 12. f4 Ng4 13. h3 Nh6 14. Nf3 f5 15. e5 Kh8 16. e6 Nf6 17. O-O Bb7 18. Ra2 Rfb8 19. b3 Bc8 20. Bd2 Ne4 21. Nxe4 fxe4 22. Qxe4 Nf5 23. Kh2 Bb7 24. g4 Nd4 25. Nxd4 Bxd4 26. f5 Be5+ 27. Bf4 Bxf4+ 28. Rxf4 g5 29. Rf3 Rf8 30. Qe3 h6 31. h4 1-0

[Event "CAN-ch U16"]
[Site "Saskatoon CAN"]
[Date "1998.03.24"]
[Round "4"]
[White "Hua, Lefong"]
[Black "Berscheid, Brian"]
[Result "1-0"]
[WhiteElo "2325"]
[BlackElo "1650"]
[PlyCount "43"]
[GameId "2160767911873706"]
[EventDate "1998.03.23"]
[EventType "tourn"]
[EventRounds "9"]
[EventCountry "CAN"]

1. d4 d5 2. c4 e6 3. Nc3 Nf6 4. cxd5 exd5 5. Bg5 Be7 6. e3 O-O 7. Bd3 c6 8. Qc2 Nbd7 9. O-O-O b5 10. Kb1 a5 11. Nf3 Qc7 12. Nxb5 Qb6 13. Nc3 Ba6 14. Bf5 Qb7 15. Bxh7+ Nxh7 16. Bxe7 Rfe8 17. Bd6 Re6 18. Bf4 Nhf6 19. Ng5 Ree8 20. h4 g6 21. h5 Nxh5 22. Rxh5 1-0

[Event "CAN-ch U16"]
[Site "Saskatoon CAN"]
[Date "1998.03.24"]
[Round "4"]
[White "Nathani, Kaleim"]
[Black "Golts, Roman"]
[Result "0-1"]
[WhiteElo "1785"]
[BlackElo "2200"]
[PlyCount "93"]
[GameId "2160767911873707"]
[EventDate "1998.03.23"]
[EventType "tourn"]
[EventRounds "9"]
[EventCountry "CAN"]

1. d4 Nf6 2. c4 e6 3. Nf3 Bb4+ 4. Bd2 Bxd2+ 5. Qxd2 b6 6. g3 Bb7 7. Bg2 O-O 8. Nc3 d6 9. O-O Nbd7 10. Rfd1 Qe7 11. Rab1 a5 12. e3 Rfd8 13. Qc2 e5 14. Ng5 Bxg2 15. Kxg2 c6 16. d5 c5 17. f4 h6 18. Nge4 Ng4 19. Qd2 f5 20. h3 Ngf6 21. Nxf6+ Nxf6 22. Qc2 e4 23. Na4 Rab8 24. a3 b5 25. cxb5 Rxb5 26. Nc3 Rb7 27. b3 Rdb8 28. a4 Ne8 29. Nb5 Nc7 30. Nxc7 Qxc7 31. g4 Rb4 32. gxf5 Qf7 33. Kh2 Qxf5 34. Rg1 Qxd5 35. Qc3 R8b7 36. Rbd1 Qe6 37. Rb1 Kh7 38. Rg2 Qf7 39. Qc2 Kh8 40. Rbg1 Qf8 41. Rg6 d5 42. Qc3 d4 43. exd4 Qxf4+ 44. R1g3 Rxb3 45. Qxc5 Rb2+ 46. Kh1 Qf1+ 47. Rg1 0-1

[Event "CAN-ch U16"]
[Site "Saskatoon CAN"]
[Date "1998.03.24"]
[Round "4"]
[White "Remoroza, Alvin"]
[Black "Henson, Joshua"]
[Result "0-1"]
[WhiteElo "1960"]
[BlackElo "2030"]
[PlyCount "74"]
[GameId "2160767911873709"]
[EventDate "1998.03.23"]
[EventType "tourn"]
[EventRounds "9"]
[EventCountry "CAN"]

1. e4 d5 2. exd5 Nf6 3. c4 e6 4. dxe6 Bxe6 5. Nf3 Nc6 6. Be2 Bc5 7. O-O Qd7 8. Nc3 O-O-O 9. a3 Nd4 10. Nxd4 Bxd4 11. b3 h5 12. Bf3 Bg4 13. Bb2 Be5 14. d4 Bxd4 15. h3 Bf5 16. Qd2 Rh6 17. Rad1 Rg6 18. Nb5 Bb6 19. Qxd7+ Rxd7 20. Rxd7 Bxd7 21. Bxf6 Rxf6 22. Bxh5 Bf5 23. Bf3 Bxh3 24. Bxb7+ Kxb7 25. gxh3 Rf3 26. b4 a6 27. Kg2 Rd3 28. c5 Bxc5 29. Nxc7 Bxb4 30. Nxa6 Bxa3 31. Rb1+ Kxa6 32. Rb8 Bc5 33. Rg8 g6 34. Rg7 Rd7 35. Kg3 Kb6 36. f4 Kc6 37. Kg4 f5+ 0-1

[Event "CAN-ch U16"]
[Site "Saskatoon CAN"]
[Date "1998.03.25"]
[Round "5"]
[White "Berscheid, Brian"]
[Black "Nathani, Kaleim"]
[Result "0-1"]
[WhiteElo "1650"]
[BlackElo "1785"]
[PlyCount "94"]
[GameId "2160767911873710"]
[EventDate "1998.03.23"]
[EventType "tourn"]
[EventRounds "9"]
[EventCountry "CAN"]

1. e4 e6 2. d4 d5 3. Nc3 Bb4 4. e5 c5 5. Bd2 cxd4 6. Nb5 Bc5 7. Nf3 Nc6 8. Bf4 a6 9. Nbxd4 Qb6 10. Be3 Qb4+ 11. Qd2 Qxb2 12. Rc1 Ba3 13. Nb3 Qxa2 14. Ra1 Qb2 15. Bd4 Nxd4 16. Nfxd4 Bc5 17. Nf3 f6 18. Rd1 Ba7 19. Qe2 Qc3+ 20. Rd2 Bd7 21. exf6 Nxf6 22. Nbd4 O-O 23. Qd1 Ne4 24. Be2 Nxd2 25. Qxd2 Qxd2+ 26. Kxd2 Bxd4 27. Nxd4 e5 28. Nf3 Rfe8 29. Rb1 Bc6 30. Rb4 a5 31. Rb1 a4 32. Ra1 b5 33. c3 Rad8 34. Kc2 d4 35. cxd4 exd4 36. Bd3 Be4 37. Rb1 Rc8+ 38. Kd2 Bxd3 39. Kxd3 a3 40. Ra1 b4 41. Kxd4 Red8+ 42. Ke3 Ra8 43. Nd4 Rdc8 44. Kd3 Rd8 45. Ke3 Rac8 46. Nf3 b3 47. Rxa3 b2 0-1